|
|
|
|
| LEADER |
00000nam0a2200000 4500 |
| 001 |
30746 |
| 005 |
20231030204122.0 |
| 010 |
|
|
|a 5783102415
|
| 035 |
|
|
|a (RuTPU)RU\TPU\book\31021
|
| 035 |
|
|
|a BOOK00000027
|
| 090 |
|
|
|a 30746
|
| 100 |
|
|
|a 20011209d1999 u y0rusy50 ca
|
| 101 |
0 |
|
|a rus
|
| 102 |
|
|
|a RU
|
| 105 |
|
|
|a 001|y
|
| 200 |
1 |
|
|a Очерки по истории нефтяной индустрии СССР
|f А. М. Шаммазов, Б. Н. Мастобаев
|
| 210 |
|
|
|a Уфа
|c Изд-во УГНТУ
|d 1999
|
| 215 |
|
|
|a 126 с.
|
| 320 |
|
|
|a Библиогр.: с. 122-125.
|
| 610 |
1 |
|
|a горное дело
|
| 610 |
1 |
|
|a нефтяная промышленность
|
| 610 |
1 |
|
|a история
|
| 610 |
1 |
|
|a СССР
|
| 610 |
1 |
|
|a 20 век
|
| 610 |
1 |
|
|a Октябрьская революция
|
| 610 |
1 |
|
|a первые пятилетки
|
| 610 |
1 |
|
|a военные годы
|
| 610 |
1 |
|
|a перестройка
|
| 675 |
|
|
|a 622.323(09)
|v 3
|
| 700 |
|
1 |
|a Шаммазов
|g Айрат Мингазович
|
| 701 |
|
1 |
|a Мастобаев
|g Борис Николаевич
|
| 712 |
0 |
2 |
|a Уфимский государственный нефтяной технический университет
|
| 801 |
|
0 |
|a RU
|b 63413507
|c 20011209
|g PSBO
|
| 801 |
|
2 |
|a RU
|b 63413507
|c 20050609
|g PSBO
|
| 942 |
|
|
|c BK
|